000
00248nam a22000977a 4500
020
_a
0333448561
100
_a
Francis J Gichaga, Neville A. Paker
245
_a
Essentials of Highway Engineering
260
_b
Macmillan Publishers
_c
1988
942
_c
BK
999
_c
251172
_d
251172